[Event "CAN-op U1800"]
[Site "Regina CAN"]
[Date "2019.07.14"]
[Round "3.42"]
[White "Li, Avery"]
[Black "Ratte, Daniel"]
[Result "1-0"]
[WhiteElo "1365"]
[BlackElo "1212"]
[PlyCount "77"]
[EventDate "2019.07.12"]
[EventType "swiss"]
[EventRounds "9"]
[EventCountry "CAN"]

1. d4 Nf6 2. Nf3 g6 3. Bf4 Bg7 4. h3 O-O 5. e3 d6 6. c3 Nbd7 7. Nbd2 b6 8. Be2
Bb7 9. O-O c5 10. Rc1 Rc8 11. Bd3 a6 12. Qe2 b5 13. b3 Nb6 14. Bh2 Qd7 15. c4
b4 16. Rfe1 Rce8 17. Qd1 e5 18. dxe5 dxe5 19. Nxe5 Rxe5 20. Bxe5 Qxd3 21. Nf3
Qxd1 22. Rexd1 Nfd7 23. Bd6 Re8 24. Bh2 Bxf3 25. gxf3 Ne5 26. Kg2 Ned7 27. Rd3
Rd8 28. Rcd1 Re8 29. Rxd7 Nxd7 30. Rxd7 Bf8 31. Kf1 Re7 32. Rd8 Re6 33. Ke2 Kg7
34. Rd5 Kf6 35. Bf4 h6 36. h4 Be7 37. Bxh6 Re5 38. Bg5+ Ke6 39. Rxe5+ 1-0

[Event "CAN-op U1800"]
[Site "Regina CAN"]
[Date "2019.07.14"]
[Round "3.43"]
[White "Li, Anthony Zongyue"]
[Black "Gilroy, Shane"]
[Result "1-0"]
[WhiteElo "847"]
[BlackElo "1328"]
[PlyCount "57"]
[EventDate "2019.07.12"]
[EventType "swiss"]
[EventRounds "9"]
[EventCountry "CAN"]

1. d4 Nf6 2. Nf3 d5 3. e3 c5 4. c3 Bf5 5. Nbd2 e6 6. Bb5+ Nc6 7. Ne5 Rc8 8. Qa4
Qb6 9. Ndf3 a6 10. Be2 Bd6 11. O-O O-O 12. Re1 Qc7 13. Nd3 c4 14. Nc5 e5 15. b3
cxb3 16. axb3 e4 17. Nd2 Bxh2+ 18. Kh1 Ng4 19. Bxg4 Bxg4 20. Nf1 Bd6 21. Ba3
Qe7 22. Kg1 f5 23. Qb4 b6 24. Qxb6 Rf6 25. Qxa6 Rh6 26. Qxc8+ Nd8 27. Nb7 Qh4
28. Qxd8+ Bf8 29. Qxf8# 1-0

[Event "CAN-op U1800"]
[Site "Regina CAN"]
[Date "2019.07.14"]
[Round "3.45"]
[White "Gao, Sean"]
[Black "Tran, Tri"]
[Result "1-0"]
[WhiteElo "807"]
[BlackElo "978"]
[PlyCount "63"]
[EventDate "2019.07.12"]
[EventType "swiss"]
[EventRounds "9"]
[EventCountry "CAN"]

1. e4 e6 2. d4 d5 3. e5 c5 4. c3 Nc6 5. Be3 Qb6 6. Bd3 Bd7 7. Nf3 f6 8. Nbd2
Qxb2 9. Qb1 Qxc3 10. O-O Qb4 11. Nb3 c4 12. Bd2 Qb6 13. Bxh7 cxb3 14. axb3 Nxd4
15. Nxd4 Qxd4 16. Be3 Qh4 17. Bg6+ Kd8 18. h3 f5 19. Bb6+ Ke7 20. Qc1 Rc8 21.
Qa3+ Qb4 22. Qxb4+ Rc5 23. Bxc5+ Kd8 24. Bb6+ axb6 25. Ra8+ Kc7 26. Rc1+ Bc6
27. Rc8+ Kxc8 28. Qxf8+ Kc7 29. Qd6+ Kc8 30. Qxe6+ Kc7 31. Qd6+ Kc8 32. Bxf5#
1-0

[Event "CAN-op U1800"]
[Site "Regina CAN"]
[Date "2019.07.14"]
[Round "3.46"]
[White "Dusaran, Fernando"]
[Black "Chen, Helen"]
[Result "1-0"]
[WhiteElo "1265"]
[BlackElo "1512"]
[PlyCount "89"]
[EventDate "2019.07.12"]
[EventType "swiss"]
[EventRounds "9"]
[EventCountry "CAN"]

1. e4 c5 2. Nf3 Nc6 3. d4 cxd4 4. Nxd4 e5 5. Nf5 d6 6. Ne3 Nf6 7. f3 Be7 8. Nc3
Be6 9. Ncd5 Rc8 10. c3 O-O 11. Be2 Qd7 12. O-O Bd8 13. Qd2 Bxd5 14. Nxd5 Qe6
15. Rd1 Na5 16. b3 Nxd5 17. exd5 Qf6 18. Kh1 b6 19. Bd3 Nb7 20. b4 Qe7 21. Bb2
f5 22. Re1 Qf7 23. Be2 Re8 24. h3 e4 25. fxe4 fxe4 26. Bg4 Rc7 27. Rf1 Qe7 28.
Be6+ Kh8 29. Qf4 Rc4 30. Rae1 Qf6 31. Qe3 Qh4 32. Rf4 Qg5 33. Ref1 Be7 34. Qe2
Qe5 35. Qxc4 e3 36. Qe2 h6 37. c4 Qg5 38. Rg4 Qh5 39. Bxg7+ Kh7 40. Qxe3 Bg5
41. Qc3 Nd8 42. Rf8 Nxe6 43. dxe6 Rxe6 44. Rh8+ Kg6 45. Rxh6+ 1-0

[Event "CAN-op U1800"]
[Site "Regina CAN"]
[Date "2019.07.14"]
[Round "3.48"]
[White "Kreuger, Stephen"]
[Black "Sorgard, William"]
[Result "1-0"]
[WhiteElo "1580"]
[BlackElo "845"]
[PlyCount "83"]
[EventDate "2019.07.12"]
[EventType "swiss"]
[EventRounds "9"]
[EventCountry "CAN"]

1. e4 e5 2. Bc4 Bc5 3. d4 Bxd4 4. Nf3 Bc5 5. Bxf7+ Kxf7 6. Qd5+ Ke8 7. Qxc5 d6
8. Qc4 Bg4 9. Ng5 Nh6 10. f3 Bh5 11. O-O Bf7 12. Nxf7 Nxf7 13. Nc3 Rf8 14. Be3
c6 15. Rad1 b5 16. Qe6+ Qe7 17. Qg4 g6 18. b3 b4 19. Na4 Nd7 20. Nb2 Nf6 21.
Qh4 h5 22. Nc4 d5 23. exd5 Nxd5 24. Qxe7+ Kxe7 25. Bc5+ Ke8 26. Bxf8 Kxf8 27.
Rfe1 Nc3 28. Rd7 Re8 29. Rxf7+ Kg8 30. Rxa7 e4 31. fxe4 Nxe4 32. Nd2 g5 33.
Rxe4 Rxe4 34. Nxe4 Kf8 35. Kf2 c5 36. Nd6 Kg8 37. Ke3 Kf8 38. Ke4 Kg8 39. Kf5
h4 40. Kf6 Kh8 41. Kg6 Kg8 42. Ra8# 1-0

[Event "CAN-op U1800"]
[Site "Regina CAN"]
[Date "2019.07.14"]
[Round "3.49"]
[White "Huang, Winston"]
[Black "Zhou, Felix Tian"]
[Result "1-0"]
[WhiteElo "1065"]
[BlackElo "766"]
[PlyCount "41"]
[EventDate "2019.07.12"]
[EventType "swiss"]
[EventRounds "9"]
[EventCountry "CAN"]

1. d4 Nf6 2. c4 d5 3. Nc3 c6 4. Bf4 Bf5 5. e3 Nbd7 6. Nf3 Nb6 7. c5 Nbd7 8. Be2
b6 9. cxb6 axb6 10. O-O c5 11. Ne5 Nxe5 12. dxe5 Ne4 13. Nxe4 Bxe4 14. Bb5+ Qd7
15. Bxd7+ Kxd7 16. f3 Ke8 17. fxe4 dxe4 18. Qb3 Rb8 19. Qb5+ Kd8 20. Rad1+ Kc8
21. Qd7# 1-0

[Event "CAN-op U1800"]
[Site "Regina CAN"]
[Date "2019.07.14"]
[Round "3.50"]
[White "Sorgard, Abigail"]
[Black "Trinh, Khoi"]
[Result "0-1"]
[WhiteElo "744"]
[BlackElo "994"]
[PlyCount "128"]
[EventDate "2019.07.12"]
[EventType "swiss"]
[EventRounds "9"]
[EventCountry "CAN"]

1. e4 c6 2. d4 d5 3. Nc3 dxe4 4. Nxe4 Nd7 5. Bc4 Ngf6 6. Nxf6+ Nxf6 7. Nf3 Bg4
8. O-O e6 9. Bg5 Be7 10. Re1 Bxf3 11. Qxf3 Qxd4 12. b3 O-O 13. Rad1 Qb6 14. Be3
Bc5 15. Bxc5 Qxc5 16. Qh3 Rfd8 17. Rxd8+ Rxd8 18. Bd3 Qh5 19. Qxh5 Nxh5 20. Rd1
Kf8 21. Kf1 Nf4 22. g3 Nxd3 23. cxd3 Ke7 24. Ke2 f5 25. f4 Kf6 26. h4 h6 27.
Rg1 g5 28. a4 Rg8 29. hxg5+ hxg5 30. Rh1 gxf4 31. gxf4 e5 32. fxe5+ Kxe5 33.
Rh5 Rg2+ 34. Kf3 Rb2 35. Rh7 Rxb3 36. a5 Rxd3+ 37. Ke2 Rb3 38. Re7+ Kf6 39. Re8
b6 40. axb6 axb6 41. Rf8+ Ke5 42. Re8+ Kf4 43. Rd8 c5 44. Rf8 b5 45. Kd2 c4 46.
Kc2 Re3 47. Rb8 Re5 48. Kc3 Ke4 49. Kb4 f4 50. Rf8 f3 51. Kc3 Ke3 52. Kb4 f2
53. Rxf2 Kxf2 54. Kc3 Re3+ 55. Kb4 c3 56. Kb3 b4 57. Kc2 Ke1 58. Kb3 Kd2 59.
Ka4 Re5 60. Kb3 c2 61. Kxb4 c1=Q 62. Kb3 Rb5+ 63. Ka4 Qc4+ 64. Ka3 Qb3# 0-1

[Event "CAN-op U1800"]
[Site "Regina CAN"]
[Date "2019.07.14"]
[Round "4.31"]
[White "Myrzaibraimov, Azamat"]
[Black "Collins, Jacob"]
[Result "1-0"]
[WhiteElo "1604"]
[BlackElo "1710"]
[PlyCount "75"]
[EventDate "2019.07.12"]
[EventType "swiss"]
[EventRounds "9"]
[EventCountry "CAN"]

1. c4 c6 2. Nc3 d5 3. cxd5 cxd5 4. e3 Nf6 5. Bb5+ Nc6 6. Nf3 Bg4 7. h3 Bh5 8.
g4 Bg6 9. Ne5 Qc7 10. f4 Be4 11. Rg1 h6 12. Qa4 Rc8 13. d4 e6 14. b4 Bd6 15.
Qxa7 O-O 16. Bxc6 Bxe5 17. fxe5 Qxc6 18. Qa3 Qxc3+ 19. Qxc3 Rxc3 20. exf6 gxf6
21. Bd2 Rc2 22. a4 Ra8 23. a5 b6 24. Ke2 bxa5 25. bxa5 Kf8 26. Rgc1 Rxc1 27.
Rxc1 Bg2 28. h4 e5 29. Rc6 Kg7 30. a6 exd4 31. exd4 Re8+ 32. Be3 Bf1+ 33. Kf2
Bxa6 34. Rxa6 Re4 35. Kf3 h5 36. gxh5 f5 37. Rd6 f4 38. Bf2 1-0

[Event "CAN-op U1800"]
[Site "Regina CAN"]
[Date "2019.07.14"]
[Round "4.32"]
[White "Gu, Stephanie"]
[Black "Tcherni, Avram"]
[Result "0-1"]
[WhiteElo "1599"]
[BlackElo "1637"]
[PlyCount "82"]
[EventDate "2019.07.12"]
[EventType "swiss"]
[EventRounds "9"]
[EventCountry "CAN"]

1. e4 c6 2. d4 d5 3. exd5 cxd5 4. c4 Bf5 5. Nc3 e6 6. Nf3 h6 7. Bf4 Nf6 8. Qb3
b6 9. Nb5 g5 10. Be5 Nc6 11. Bxf6 Qxf6 12. Nc7+ Kd7 13. Nxa8 Bb4+ 14. Kd1 Bg4
15. Nxb6+ axb6 16. Be2 Bxf3 17. Qxf3 Qxd4+ 18. Qd3 Qxb2 19. Rc1 Ne5 20. Qc2
Qd4+ 21. Bd3 Qxd3+ 22. Qxd3 Nxd3 23. Rc2 dxc4 24. Ke2 Nf4+ 25. Kf3 Rc8 26. Rd1+
Ke7 27. a4 e5 28. Rdc1 c3 29. g3 Nd3 30. Rd1 Nb2 31. Re1 Ke6 32. g4 Rc4 33. Re4
Rxe4 34. Kxe4 Nxa4 35. Kd3 Kd5 36. Re2 e4+ 37. Kc2 Kd4 38. Kb3 Kd3 39. Re3+ Kd2
40. Kxa4 c2 41. Kxb4 c1=Q 0-1

[Event "CAN-op U1800"]
[Site "Regina CAN"]
[Date "2019.07.14"]
[Round "4.33"]
[White "Chapman, James"]
[Black "Faust, Steven"]
[Result "1/2-1/2"]
[WhiteElo "1668"]
[BlackElo "1677"]
[PlyCount "124"]
[EventDate "2019.07.12"]
[EventType "swiss"]
[EventRounds "9"]
[EventCountry "CAN"]

1. e4 c5 2. Nf3 g6 3. d4 cxd4 4. Nxd4 Bg7 5. Nc3 Nc6 6. Be3 a6 7. Qd2 e6 8. Bc4
Nge7 9. O-O-O O-O 10. h4 h5 11. Nxc6 Nxc6 12. Bh6 Qc7 13. Bxg7 Kxg7 14. Be2 b5
15. Bxh5 Qe5 16. Bg4 b4 17. Ne2 Rh8 18. Bf3 Qa5 19. Kb1 Rb8 20. Ng3 Qc5 21. h5
g5 22. Rhe1 f6 23. e5 Nxe5 24. Ne4 Nxf3 25. Nxc5 Nxd2+ 26. Rxd2 Rxh5 27. Nxd7
Bxd7 28. Rxd7+ Kg6 29. Rd6 a5 30. Kc1 Rb5 31. Rexe6 Rf5 32. f3 Rh1+ 33. Rd1
Rxd1+ 34. Kxd1 Rc5 35. g4 Kf7 36. Ra6 Ke7 37. Kd2 Rd5+ 38. Ke3 Re5+ 39. Kd3
Rd5+ 40. Kc4 Rd2 41. Kb3 Rf2 42. Rxa5 Rxf3+ 43. Kxb4 Rf4+ 44. c4 Rxg4 45. Rf5
Ke6 46. Rf2 Rf4 47. Rg2 g4 48. a4 Kd7 49. Kb5 Kc7 50. a5 Kb8 51. c5 f5 52. Rg3
Rf3 53. Rg2 g3 54. b4 f4 55. Kb6 Rf2 56. Rg1 g2 57. Re1 Kc8 58. Re8+ Kd7 59.
Rg8 f3 60. c6+ Ke7 61. c7 Rc2 62. a6 Rxc7 1/2-1/2

[Event "CAN-op U1800"]
[Site "Regina CAN"]
[Date "2019.07.14"]
[Round "4.34"]
[White "Sullivan, Brian"]
[Black "Li, Andrew"]
[Result "1-0"]
[WhiteElo "1381"]
[BlackElo "1669"]
[PlyCount "65"]
[EventDate "2019.07.12"]
[EventType "swiss"]
[EventRounds "9"]
[EventCountry "CAN"]

1. d4 d5 2. c4 c6 3. Nc3 Nf6 4. Nf3 dxc4 5. a4 e6 6. e3 Bd6 7. Bxc4 Nbd7 8. O-O
O-O 9. Qc2 Nb6 10. Bd3 Qc7 11. e4 e5 12. Bg5 Bg4 13. Bxf6 Bxf3 14. Bxe5 Bxe5
15. dxe5 Bg4 16. h3 Be6 17. f4 Nc4 18. Rf3 Qb6+ 19. Qf2 Nxb2 20. Qxb6 axb6 21.
Rb1 Nxd3 22. Rxd3 Ra6 23. f5 Bc8 24. Rbd1 g6 25. Rd8 Ra8 26. Rxf8+ Kxf8 27.
Rd8+ Ke7 28. Rh8 b5 29. f6+ Ke6 30. Re8+ Kd7 31. Re7+ Kd8 32. Rxf7 bxa4 33. e6
1-0

[Event "CAN-op U1800"]
[Site "Regina CAN"]
[Date "2019.07.14"]
[Round "4.35"]
[White "Skop, Mike"]
[Black "Li, Avery"]
[Result "1-0"]
[WhiteElo "1660"]
[BlackElo "1365"]
[PlyCount "85"]
[EventDate "2019.07.12"]
[EventType "swiss"]
[EventRounds "9"]
[EventCountry "CAN"]

1. f3 d5 2. c3 Nf6 3. Na3 Bf5 4. g3 e6 5. Nh3 h6 6. Nf2 Nbd7 7. Nc2 Bc5 8. d4
Be7 9. Bg2 c5 10. e4 dxe4 11. fxe4 Bh7 12. O-O Nb6 13. Qe2 O-O 14. Be3 cxd4 15.
Nxd4 Qc7 16. Ng4 Nbd7 17. Nb5 Qa5 18. Nxf6+ Nxf6 19. Bd4 Qa6 20. a4 Rfc8 21.
Bxf6 Bxf6 22. e5 Be7 23. Qf3 Qb6+ 24. Kh1 Rf8 25. Qxb7 Qxb7 26. Bxb7 Rab8 27.
Bg2 Bc5 28. b4 Bb6 29. a5 Be3 30. Rf3 Rxb5 31. Rxe3 Rd8 32. Bc6 Rbb8 33. b5
Rbc8 34. Ree1 a6 35. c4 Bd3 36. Rac1 Rc7 37. Red1 Rcc8 38. Bb7 Rc5 39. bxa6
Rxa5 40. c5 Rd4 41. Rxd3 Rxd3 42. c6 Rdd5 43. c7 1-0

[Event "CAN-op U1800"]
[Site "Regina CAN"]
[Date "2019.07.14"]
[Round "4.36"]
[White "Li, Alan"]
[Black "Aripuddin, Allan"]
[Result "1-0"]
[WhiteElo "1272"]
[BlackElo "1594"]
[PlyCount "65"]
[EventDate "2019.07.12"]
[EventType "swiss"]
[EventRounds "9"]
[EventCountry "CAN"]

1. e4 d6 2. d4 Nf6 3. Nc3 c6 4. h3 Qb6 5. Nf3 Nbd7 6. Rb1 Qc7 7. Bf4 e5 8. dxe5
dxe5 9. Bd2 Bb4 10. Bd3 b5 11. a3 Bd6 12. O-O Nc5 13. b4 Nxd3 14. cxd3 h6 15.
Rc1 Qd7 16. Qc2 Bb7 17. Ne2 Rc8 18. Bc3 Qe7 19. Qb2 Nd7 20. Ng3 g6 21. Rfe1 c5
22. bxc5 Nxc5 23. Qb1 a6 24. Bb4 O-O 25. Rc3 Na4 26. Rxc8 Rxc8 27. Bxd6 Qxd6
28. Qa1 f6 29. Qa2+ Kg7 30. Re3 Rc3 31. Nh4 Bc8 32. Ngf5+ Bxf5 33. Nxf5+ 1-0

[Event "CAN-op U1800"]
[Site "Regina CAN"]
[Date "2019.07.14"]
[Round "4.37"]
[White "He, Matthew"]
[Black "Singh, Amninder"]
[Result "1-0"]
[WhiteElo "1161"]
[BlackElo "1463"]
[PlyCount "87"]
[EventDate "2019.07.12"]
[EventType "swiss"]
[EventRounds "9"]
[EventCountry "CAN"]

1. d4 Nf6 2. Bf4 g6 3. Nf3 Bg7 4. h3 d6 5. e3 O-O 6. Bd3 Re8 7. O-O Nbd7 8. Bc4
Nb6 9. Bb3 Bf5 10. c3 c5 11. Re1 Ne4 12. Nbd2 Rc8 13. Nxe4 Bxe4 14. Bxf7+ Kxf7
15. Ng5+ Kg8 16. Nxe4 c4 17. Qg4 Kh8 18. Ng5 Qd7 19. Qh4 h5 20. Nf7+ Kg8 21.
Nh6+ Kh7 22. Nf7 Nd5 23. Ng5+ Kh6 24. Ne6+ Nxf4 25. Qxf4+ Kh7 26. Qf7 Rg8 27.
Nf4 Qf5 28. Qxe7 Rcf8 29. h4 Qf6 30. Qxf6 Bxf6 31. g3 Rf7 32. e4 Re8 33. Nd5
Bg7 34. a4 Rf3 35. Nf4 Rf8 36. Kg2 R3xf4 37. gxf4 Rxf4 38. Kg3 Rg4+ 39. Kf3 Bh6
40. e5 Rxh4 41. exd6 Rf4+ 42. Kg2 Rf7 43. Re7 Kg7 44. d7 1-0

[Event "CAN-op U1800"]
[Site "Regina CAN"]
[Date "2019.07.14"]
[Round "4.38"]
[White "Bolduc, Jacques"]
[Black "Li, Anthony Zongyue"]
[Result "1-0"]
[WhiteElo "1410"]
[BlackElo "847"]
[PlyCount "77"]
[EventDate "2019.07.12"]
[EventType "swiss"]
[EventRounds "9"]
[EventCountry "CAN"]

1. d4 d5 2. c4 c6 3. Nc3 Nf6 4. Bf4 Bf5 5. e3 e6 6. Bd3 Bxd3 7. Qxd3 Nbd7 8.
Rc1 Qb6 9. Nge2 Qxb2 10. Rb1 Qa3 11. Rxb7 Bb4 12. O-O Ne4 13. Rb1 c5 14. cxd5
Nxc3 15. Nxc3 Qxc3 16. Qb5 O-O 17. Qxd7 Qc2 18. Rf1 Qxa2 19. dxc5 Bxc5 20. Qb5
Qxd5 21. Rd7 Qf5 22. Rfd1 Rfb8 23. Bxb8 h6 24. Qc6 a5 25. Qxa8 Bb4 26. Bd6+ Kh7
27. Bxb4 axb4 28. Qa6 b3 29. Qd3 Qxd3 30. R7xd3 b2 31. Rb1 f5 32. Rxb2 g5 33.
g3 g4 34. Rd6 Kg6 35. Rxe6+ Kh5 36. Rbb6 Kg5 37. Rg6+ Kh5 38. Rxh6+ Kg5 39.
Rbg6# 1-0

[Event "CAN-op U1800"]
[Site "Regina CAN"]
[Date "2019.07.14"]
[Round "4.39"]
[White "Thomson, Bruce"]
[Black "Gao, Sean"]
[Result "1-0"]
[WhiteElo "1405"]
[BlackElo "807"]
[PlyCount "55"]
[EventDate "2019.07.12"]
[EventType "swiss"]
[EventRounds "9"]
[EventCountry "CAN"]

1. d4 d5 2. c4 e6 3. Nc3 Nf6 4. cxd5 exd5 5. Bg5 Be7 6. Nf3 Nc6 7. e3 Bf5 8. a3
a6 9. Be2 Ne4 10. Bxe7 Qxe7 11. Nxd5 Qd6 12. Nc3 Nxc3 13. bxc3 Ne7 14. O-O Qg6
15. Nh4 Qg5 16. Nxf5 Nxf5 17. Kh1 Nh4 18. Rg1 Nf5 19. Bd3 Nd6 20. c4 f5 21. c5
Ne4 22. Bxe4 fxe4 23. Qb3 Rb8 24. Rab1 Rf8 25. Rb2 Qh5 26. c6 b6 27. Qe6+ Kd8
28. Qd7# 1-0

[Event "CAN-op U1800"]
[Site "Regina CAN"]
[Date "2019.07.14"]
[Round "4.41"]
[White "Maheux, Pierre"]
[Black "Myrzaibraimova, Aibike"]
[Result "0-1"]
[WhiteElo "1665"]
[BlackElo "1581"]
[PlyCount "68"]
[EventDate "2019.07.12"]
[EventType "swiss"]
[EventRounds "9"]
[EventCountry "CAN"]

1. e4 e6 2. d4 d5 3. e5 c5 4. c3 Nc6 5. Nf3 Qb6 6. Bd3 Bd7 7. dxc5 Bxc5 8. O-O
f6 9. b4 Be7 10. exf6 Bxf6 11. a3 Nge7 12. Be3 Qc7 13. Qc2 g6 14. Nbd2 Ne5 15.
Rac1 Rc8 16. Nd4 Ng4 17. N2f3 e5 18. Nb5 Bxb5 19. Bxb5+ Kf7 20. Ng5+ Kg8 21.
Qd2 e4 22. g3 Nxe3 23. Qxe3 a6 24. Ba4 Qe5 25. h4 Rxc3 26. Rxc3 Qxc3 27. Qxc3
Bxc3 28. Rc1 Be5 29. Bb3 Kg7 30. Kf1 Kf6 31. Ke2 h6 32. Nh3 Rd8 33. f4 exf3+
34. Kxf3 Nf5 0-1

[Event "CAN-op U1800"]
[Site "Regina CAN"]
[Date "2019.07.14"]
[Round "4.42"]
[White "Kreuger, Stephen"]
[Black "Huang, Winston"]
[Result "1-0"]
[WhiteElo "1580"]
[BlackElo "1065"]
[PlyCount "135"]
[EventDate "2019.07.12"]
[EventType "swiss"]
[EventRounds "9"]
[EventCountry "CAN"]

1. e4 e5 2. Bc4 Nf6 3. d4 d6 4. dxe5 dxe5 5. Bxf7+ Ke7 6. Qxd8+ Kxd8 7. f3 Nc6
8. c3 Bc5 9. Nd2 Ke7 10. Bb3 Rd8 11. Bc2 Be6 12. Nb3 Bb6 13. Bd2 Rd7 14. Rd1
Rad8 15. Bc1 Rxd1+ 16. Bxd1 Na5 17. Nxa5 Bxa5 18. a3 h6 19. Ne2 Nd7 20. Be3 Bb6
21. Bxb6 cxb6 22. Nc1 Nc5 23. Bc2 Bf7 24. Ke2 Bc4+ 25. Ke3 Ne6 26. g3 g5 27.
Rd1 Rxd1 28. Bxd1 Nc5 29. b4 Ne6 30. Bb3 Bb5 31. Bxe6 Kxe6 32. Nd3 Kf6 33. Nf2
Ke6 34. Ng4 h5 35. Nh6 Kf6 36. Nf5 a6 37. f4 g4 38. fxe5+ Kxe5 39. Ng7 Bc6 40.
Nxh5 Bxe4 41. Nf4 Bf5 42. c4 Bd7 43. Nd3+ Kf5 44. Kd4 Ke6 45. Ne5 Ke7 46. Nxd7
Kxd7 47. Ke4 Kc6 48. Kf4 b5 49. cxb5+ Kxb5 50. Kxg4 Ka4 51. h4 Kxa3 52. h5 Kxb4
53. h6 a5 54. h7 a4 55. h8=Q b5 56. Qb2+ Kc4 57. Qa3 Kd5 58. Qb4 Kc6 59. Kf4
Kb6 60. Ke4 Kc6 61. Kd4 Kb6 62. Kd5 Ka6 63. Kc5 a3 64. Qxa3+ Kb7 65. Qa5 Kb8
66. Kc6 b4 67. Qa6 b3 68. Qb7# 1-0

[Event "CAN-op U1800"]
[Site "Regina CAN"]
[Date "2019.07.14"]
[Round "4.43"]
[White "Richardson, Daniel"]
[Black "Menesses, Ryan"]
[Result "1/2-1/2"]
[WhiteElo "1126"]
[BlackElo "1280"]
[PlyCount "120"]
[EventDate "2019.07.12"]
[EventType "swiss"]
[EventRounds "9"]
[EventCountry "CAN"]

1. e4 c6 2. d4 d5 3. Nc3 dxe4 4. Nxe4 Bf5 5. Bd3 e6 6. Nf3 Ne7 7. O-O Nd5 8. c3
Be7 9. Re1 Nd7 10. a3 h6 11. c4 N5f6 12. Nxf6+ Nxf6 13. Bxf5 exf5 14. Ne5 O-O
15. b4 Bd6 16. Bb2 Qc7 17. Qb3 Rad8 18. f3 Rfe8 19. c5 Bxe5 20. dxe5 Nd5 21.
Rad1 Rd7 22. a4 Rde7 23. g3 f4 24. b5 fxg3 25. hxg3 f6 26. f4 Kh8 27. Re2 Qc8
28. Rde1 Qg4 29. Kh2 Qh5+ 30. Kg2 Qg4 31. Qf3 Qxf3+ 32. Kxf3 fxe5 33. Bxe5 Kg8
34. Rh2 Rd7 35. Rd1 Kf7 36. Rhd2 Kg6 37. Ke2 Nc3+ 38. Ke1 Rxd2 39. Rxd2 Nxa4
40. bxc6 bxc6 41. Rd6+ Kf5 42. Rxc6 Nb2 43. g4+ Kxg4 44. Rg6+ Kf3 45. Rxg7 Nd3+
46. Kd1 Nxe5 47. fxe5 Rxe5 48. c6 Rc5 49. c7 a5 50. Rf7+ Ke4 51. Rd7 Ke5 52.
Rh7 Rc6 53. Rxh6 Rxc7 54. Rh5+ Kd4 55. Rxa5 Rc4 56. Rh5 Kc3 57. Rb5 Rd4+ 58.
Kc1 Rh4 59. Rc5+ Kd3 60. Ra5 Kc3 1/2-1/2

[Event "CAN-op U1800"]
[Site "Regina CAN"]
[Date "2019.07.14"]
[Round "4.44"]
[White "Ratte, Daniel"]
[Black "Jiang, William"]
[Result "1-0"]
[WhiteElo "1212"]
[BlackElo "979"]
[PlyCount "89"]
[EventDate "2019.07.12"]
[EventType "swiss"]
[EventRounds "9"]
[EventCountry "CAN"]

1. e4 c5 2. Nf3 Nc6 3. d4 cxd4 4. Nxd4 Nf6 5. Nc3 e5 6. Nf3 Bb4 7. Bd3 d5 8.
exd5 Qxd5 9. Qd2 Bxc3 10. Qxc3 e4 11. Bc4 Qd6 12. Nd2 O-O 13. b3 Re8 14. Bb2
Qc5 15. Bxf7+ Kxf7 16. Qxc5 e3 17. fxe3 Ng4 18. Qg5 Rxe3+ 19. Kf1 g6 20. h3 h6
21. Qh4 b6 22. hxg4 Ba6+ 23. c4 Re6 24. Qxh6 Ke7 25. Ba3+ Kd8 26. Qf8+ Kd7 27.
Qxa8 Re8 28. Qxe8+ Kxe8 29. b4 b5 30. Re1+ Kd7 31. c5 Nd4 32. Rh7+ Kc6 33. Bb2
Nc2 34. Re6+ Kd5 35. Rxa6 Nxb4 36. Rxg6 Kxc5 37. Rh5+ Nd5 38. Rxd5+ Kxd5 39.
Rf6 a5 40. g5 a4 41. g6 a3 42. Ba1 b4 43. g7 b3 44. g8=Q+ Kc5 45. Qc4# 1-0

[Event "CAN-op U1800"]
[Site "Regina CAN"]
[Date "2019.07.14"]
[Round "4.45"]
[White "Trinh, Khoi"]
[Black "Myrzaibraimova, Alia"]
[Result "1-0"]
[WhiteElo "994"]
[BlackElo "1208"]
[PlyCount "57"]
[EventDate "2019.07.12"]
[EventType "swiss"]
[EventRounds "9"]
[EventCountry "CAN"]

1. d4 d5 2. c4 c5 3. e3 dxc4 4. Bxc4 Nf6 5. Nc3 e6 6. Nf3 Be7 7. Bd2 Nc6 8. Bb5
Bd7 9. Qc2 a6 10. Bd3 Bd6 11. dxc5 Bxc5 12. a3 Bc8 13. O-O-O Bb4 14. axb4 Nxb4
15. Qa4+ b5 16. Qxb4 Qxd3 17. Be1 Qf5 18. Nd4 Qe5 19. Nc6 Qc7 20. Rd8+ Qxd8 21.
Nxd8 Kxd8 22. Ne4 Bb7 23. Nxf6 Rc8+ 24. Bc3 gxf6 25. Kb1 Be4+ 26. Qxe4 Ke7 27.
Qb7+ Kd8 28. Bxf6+ Ke8 29. Qxc8# 1-0

[Event "CAN-op U1800"]
[Site "Regina CAN"]
[Date "2019.07.14"]
[Round "4.46"]
[White "Tran, Tri"]
[Black "Sorgard, William"]
[Result "0-1"]
[WhiteElo "978"]
[BlackElo "845"]
[PlyCount "42"]
[EventDate "2019.07.12"]
[EventType "swiss"]
[EventRounds "9"]
[EventCountry "CAN"]

1. d4 d5 2. c4 Nf6 3. Nc3 Nc6 4. e3 e5 5. Nf3 e4 6. Nd2 Nb4 7. a3 Nd3+ 8. Bxd3
exd3 9. cxd5 Nxd5 10. Nxd5 Qxd5 11. b3 Qxg2 12. Rf1 Bg4 13. f3 Bh3 14. Bb2
O-O-O 15. Rc1 Re8 16. e4 f5 17. e5 Qxh2 18. Rf2 Qg1+ 19. Nf1 Bxf1 20. Rxf1 Qe3+
21. Qe2 Qxe2# 0-1

[Event "CAN-op U1800"]
[Site "Regina CAN"]
[Date "2019.07.14"]
[Round "4.47"]
[White "Mayol, John"]
[Black "Zhou, Felix Tian"]
[Result "1-0"]
[WhiteElo "1716"]
[BlackElo "776"]
[PlyCount "101"]
[EventDate "2019.07.12"]
[EventType "swiss"]
[EventRounds "9"]
[EventCountry "CAN"]

1. e4 c5 2. Nf3 Nc6 3. d4 cxd4 4. Nxd4 Nf6 5. Nc3 e5 6. Nf5 d6 7. Ne3 Nd4 8.
Bd3 Be6 9. O-O Be7 10. f4 O-O 11. f5 Bd7 12. Kh1 Bc6 13. a4 d5 14. Bd2 dxe4 15.
Bc4 b6 16. Nb1 Bb7 17. b4 a5 18. b5 Rc8 19. c3 Bc5 20. cxd4 Bxd4 21. Ra2 Bxe3
22. Qb3 Bxd2 23. Rxd2 Qe7 24. Rfd1 h6 25. Rc1 Bd5 26. Rdc2 Rxc4 27. Rxc4 Bxc4
28. Qxc4 Qd7 29. Qf1 e3 30. Qf3 e4 31. Qxe3 Qxf5 32. Qxb6 Qf4 33. Qg1 Ng4 34.
Rf1 Qd6 35. h3 Ne5 36. Rd1 Qb4 37. Qd4 Qb3 38. Nc3 Nd3 39. Rb1 Qc2 40. Rf1 e3
41. Nd5 e2 42. Ne7+ Kh7 43. Qe4+ g6 44. Rxf7+ Kh8 45. Rxf8+ Kg7 46. Rg8+ Kf7
47. Qxg6+ Kxe7 48. Re8+ Kd7 49. Qe6+ Kc7 50. Rc8+ Kb7 51. Qa6# 1-0

[Event "CAN-op U1800"]
[Site "Regina CAN"]
[Date "2019.07.14"]
[Round "4.48"]
[White "Chen, Helen"]
[Black "Sorgard, Abigail"]
[Result "1-0"]
[WhiteElo "1512"]
[BlackElo "744"]
[PlyCount "79"]
[EventDate "2019.07.12"]
[EventType "swiss"]
[EventRounds "9"]
[EventCountry "CAN"]

1. e4 e5 2. Nf3 Nc6 3. Bc4 Bc5 4. c3 Nf6 5. d4 exd4 6. cxd4 Bb6 7. Nc3 O-O 8.
O-O d6 9. Bg5 Bg4 10. h3 Bh5 11. d5 Nd4 12. Be2 Nxe2+ 13. Qxe2 Re8 14. Qd3 c6
15. Rfe1 h6 16. Bh4 Bc7 17. Re3 Bg6 18. Qd4 c5 19. Qd2 a6 20. Rae1 Qb8 21. Bxf6
gxf6 22. Nh4 Kh7 23. Rf3 Bd8 24. Nf5 Bxf5 25. Rxf5 Re5 26. Qf4 Rxf5 27. Qxf5+
Kg8 28. Re3 Kf8 29. Qh5 Qc7 30. Qxh6+ Ke8 31. Qh7 Kd7 32. Qf5+ Ke8 33. Rg3 Be7
34. Rg8+ Bf8 35. Qxf6 Rd8 36. f4 Rd7 37. Qh6 Ke7 38. Qxf8+ Kf6 39. g4 Qc8 40.
g5# 1-0

[Event "CAN-op U1800"]
[Site "Regina CAN"]
[Date "2019.07.15"]
[Round "5.31"]
[White "Tcherni, Avram"]
[Black "Myrzaibraimov, Azamat"]
[Result "1-0"]
[WhiteElo "1637"]
[BlackElo "1604"]
[PlyCount "101"]
[EventDate "2019.07.12"]
[EventType "swiss"]
[EventRounds "9"]
[EventCountry "CAN"]

1. e4 c5 2. c3 e6 3. d4 Nf6 4. e5 Nd5 5. Nf3 Nc6 6. Be2 Qb6 7. Na3 cxd4 8. Nc4
Qc7 9. cxd4 b5 10. Ne3 Nxe3 11. Bxe3 d5 12. a3 Qa5+ 13. b4 Qb6 14. O-O Ne7 15.
Rc1 Nf5 16. Qd3 Bd7 17. Bd2 Be7 18. h3 g6 19. g4 Nh4 20. Nxh4 Bxh4 21. g5 h6
22. gxh6 Qd8 23. Qf3 Bg5 24. Be3 Bxh6 25. Rc5 a6 26. Bd3 Qh4 27. Kh2 Bg5 28.
Bxg5 Qxg5 29. Rg1 Qh5 30. Qxh5 Rxh5 31. Rxg6 Ke7 32. Rg3 Rh4 33. Rg4 Rah8 34.
Kg2 Rxh3 35. Rg3 R3h4 36. Kf3 Rxd4 37. Ke3 Rdh4 38. Rc7 Ra8 39. Rg7 Kf8 40. Rh7
Rxh7 41. Bxh7 Ke7 42. Kd4 a5 43. Bd3 Kf8 44. Rc5 axb4 45. axb4 Rb8 46. f4 Ke8
47. f5 exf5 48. Rxd5 Ke7 49. Rd6 Rb7 50. Rf6 Be6 51. Kc5 1-0